000 00421nam a2200157Ia 4500
008 230312s9999||||xx |||||||||||||| ||und||
020 _a81-7008-926-3
082 _a621.3815
_bRAJ-U
100 _aRajput,R.K
245 0 _aUtilisation of Electrical Power
260 _bLaxmi Publication
_aIndia
_c2006
300 _a707
546 _aEng.
650 _aEngineering
_vIllumination,Electric Heating and Welding
942 _cBK
999 _c1650
_d1650